| 000 | 00781nam a2200217Ia 4500 | ||
|---|---|---|---|
| 005 | 20241129111029.0 | ||
| 008 | 241129s9999||||xx |||||||||||||| ||und|| | ||
| 020 | _a978-93-89830-79-8 | ||
| 037 | _aTB | ||
| 040 |
_aCRL _bhin _cCRL |
||
| 041 |
_ahin _2hin |
||
| 084 |
_aO152wM88 R2 _qCRL |
||
| 100 | _aमुनि जिनविनय, ले. | ||
| 245 | 0 |
_aएक भव - अनेक नाम: आत्म - वृतान्त और पत्राचार _cमुनि जिनविनय, ले. |
|
| 260 |
_aनोएडा, भारत _bवाग्देवी प्रकाशन _c2022 |
||
| 300 | _a568पृ0 | ||
| 365 |
_aINR _b575 |
||
| 650 |
_aHindi Literature _923866 |
||
| 942 |
_cTB _hO152wM88 R2 |
||
| 999 |
_c1228616 _d1228616 |
||